| 000 | 01263cam a2200265 4500 | ||
|---|---|---|---|
| 001 | J123356 | ||
| 008 | 030822n2003 000 0 eng u | ||
| 035 | _a(Sirsi) u123356 | ||
| 041 | _aeng | ||
| 050 |
_a331.481333 _c18 |
||
| 100 | _aEllison, Louise | ||
| 245 |
_aRaising the ratio - the surveying profession as a career _bsurvey results summary |
||
| 260 |
_aLondon _bRICS _c2003 |
||
| 300 |
_a5p. _c30cm. |
||
| 520 | _aA brief summary of survey results from research undertaken by the RICS Raising the Ratio Committee. The purpose of the research was to identify the barriers that may be preventing women from joining or staying in the surveying profession and what could be done to improve these. View an executive summary of the research at www.rics.org/careers/women_in_surveying. | ||
| 520 | _aThe full research report is available to borrow separately (J123352). | ||
| 650 | _aWOMEN SURVEYORS | ||
| 650 | _aEQUAL OPPORTUNITIES | ||
| 650 | _aRICS RAISING THE RATIO CAMPAIGN | ||
| 650 | _aWOMEN IN SURVEYING | ||
| 690 | _aMANAGEMENT-BUSINESS MANAGEMENT-PROFESSIONAL PRACTICE | ||
| 710 |
_aRoyal Institution of Chartered Surveyors _bRaising the Ratio Committee _94463 |
||
| 710 |
_aKingston University School of Surveying _92114 |
||
| 942 | _n0 | ||
| 999 |
_c103025 _d103025 |
||